| 000 | 01211cam a2200397 4500 | ||
|---|---|---|---|
| 008 | 090401t1998 xxu||||| |||| 00| 0 eng d | ||
| 020 | _a0728203111 | ||
| 035 | _a(Sirsi) u86810 | ||
| 041 | _aeng | ||
| 050 | _a333.332 | ||
| 100 | _aWilliams, R.G. | ||
| 245 | _aAgricultural valuations: a practical guide. | ||
| 250 | _a3rd ed. | ||
| 260 |
_aLondon _bEstates Gazette _c1998 |
||
| 300 | _aviii,320p. ; 21cm. | ||
| 350 | _a25 | ||
| 520 | _aSuperseded by 4th edition (ISBN 9780728205512). | ||
| 650 | _aPROPERTY-LANDLORD AND TENANT-TENANCIES-AGRICULTURAL TENANCIES | ||
| 650 | _aMANAGEMENT-DISPUTE AVOIDANCE, MANAGEMENT AND RESOLUTION-DISPUTE MANAGEMENT AND RESOLUTION-ARBITRATION | ||
| 650 |
_aCompulsory purchase _96228 |
||
| 650 | _aCROPS | ||
| 650 |
_aDilapidations _96235 |
||
| 650 | _aEASEMENTS | ||
| 650 | _aFARM LOSS PAYMENTS | ||
| 650 | _aFARMLAND | ||
| 650 | _aHOME LOSS PAYMENTS | ||
| 650 | _aPROPERTY-RURAL AND NATURAL ASSETS-AGRICULTURAL PROPERTY-LIVESTOCK | ||
| 650 | _aMANAGEMENT AGREEMENTS | ||
| 650 | _aMILK QUOTAS | ||
| 650 | _aRENTS | ||
| 650 | _aVALUATIONS | ||
| 650 | _aWAYLEAVES | ||
| 690 | _aRATING AND VALUATION | ||
| 942 | _n0 | ||
| 948 | _c15/06/1998 | ||
| 999 |
_c97177 _d97177 |
||